[Event "Sampa Chess Open - Local Piso Superior (ao lado da Renner) às 19h00"]
[Site "Shopping Metrô Tatuapé - Rua Domingos Agostim, 91, São Paulo/SP 03306-010"]
[Date "2024.02.01"]
[Round "5"]
[Board "56"]
[White "Santana, Expedito"]
[Black "Baena, Mauricio"]
[Result "1/2-1/2"]
[WhiteElo "1408"]
[BlackElo "1180"]
[PlyCount "91"]
[EventDate "2024.01.29"]
[EventRounds "9"]
[EventCountry "BRA"]

1. d4 g6 2. Bf4 d6 3. e4 Bg7 4. Nf3 Nd7 5. c3 Ngf6 6. Bd3 c6 7. O-O b5 8. a3 Qc7
9. h3 e5 10. Bh2 Bb7 11. Re1 O-O 12. Nbd2 a6 13. Qc2 Rfe8 14. Qb3 c5 15. Qd1 c4 16.
dxe5 dxe5 17. Bc2 Rad8 18. Qe2 Nh5 19. Qe3 h6 20. Nd4 exd4 21. Bxc7 dxe3 22. Rxe3
Rc8 23. Bh2 Be5 24. g3 Nc5 25. f4 Bb8 26. e5 Ba7 27. Kf1 Ng7 28. Rae1 Nd3 29. Bxd3
Bxe3 30. Rxe3 cxd3 31. Rxd3 Red8 32. Ke2 Rxd3 33. Kxd3 Ne6 34. Nb3 Nc5+ 35. Nxc5
Rxc5 36. Bg1 Rd5+ 37. Bd4 Kf8 38. c4 bxc4+ 39. Kxc4 Ke8 40. g4 Kd7 41. f5 gxf5 42.
gxf5 Bc6 43. a4 Ra5 44. b3 Bg2 45. Bc3 Rd5 46. Bd4  1/2-1/2

[Event "Sampa Chess Open - Local Piso Superior (ao lado da Renner) às 19h00"]
[Site "Shopping Metrô Tatuapé - Rua Domingos Agostim, 91, São Paulo/SP 03306-010"]
[Date "2024.02.01"]
[Round "5"]
[Board "57"]
[White "Bomeisel, Pedro Rangel"]
[Black "Akamine, Giullia Hikari Nishimori"]
[Result "1-0"]
[WhiteElo "1385"]
[BlackElo "1800"]
[PlyCount "67"]
[EventDate "2024.01.29"]
[EventRounds "9"]
[EventCountry "BRA"]

1. e4 c5 2. Nc3 d6 3. g3 Nf6 4. Bg2 e6 5. d3 Be7 6. f4 O-O 7. Be3 Nc6 8. Nf3 b6 9.
e5 dxe5 10. Nxe5 Qc7 11. Nb5 Qb7 12. Bxc6 Qa6 13. Nc7 Qa5+ 14. Bd2 Rb8 15. Bxa5 bxa5
16. Bf3 Nd7 17. Nc6 Rxb2 18. Nxe7+ Kh8 19. Rb1 Rxa2 20. Rb8 Nxb8 21. Qb1 Ra4 22.
Qxb8 g6 23. Nxc8 Kg7 24. Qb2+ Kh6 25. g4 Rxf4 26. g5+ Kxg5 27. Qe5+ Kh6 28. Qxf4+
Kg7 29. Nxa7 Rb8 30. Nxe6+ fxe6 31. Qxb8 Kf7 32. O-O Kg7 33. Be2 a4 34. Qf8#  1-0

[Event "Sampa Chess Open - Local Piso Superior (ao lado da Renner) às 19h00"]
[Site "Shopping Metrô Tatuapé - Rua Domingos Agostim, 91, São Paulo/SP 03306-010"]
[Date "2024.02.02"]
[Round "6"]
[Board "1"]
[White "Shumyatsky, Victor"]
[Black "Fier, Alexandr"]
[Result "1-0"]
[WhiteElo "2457"]
[BlackElo "2549"]
[PlyCount "115"]
[EventDate "2024.01.29"]
[EventRounds "9"]
[EventCountry "BRA"]

1. e4 c6 2. Nc3 d5 3. Nf3 dxe4 4. Nxe4 Nf6 5. Qe2 Nxe4 6. Qxe4 Nd7 7. Bc4 Nf6 8.
Ne5 e6 9. Qe2 b5 10. Bd3 Qc7 11. a4 b4 12. b3 Nd5 13. g3 Bd6 14. Nc4 Be7 15. Bb2
Bf6 16. Be5 Bxe5 17. Nxe5 Bb7 18. f4 O-O-O 19. Ba6 f6 20. Bxb7+ Kxb7 21. Nc4 Rhe8
22. a5 a6 23. Qf2 e5 24. fxe5 Rxe5+ 25. Kf1 Rg5 26. Re1 g6 27. Ke2 Rf5 28. Qg1 Rg5
29. Kd1 f5 30. Kc1 f4 31. Qf2 Rf5 32. g4 Rff8 33. Re5 f3 34. Rhe1 Rf4 35. R1e4 Rxe4
36. Rxe4 Rf8 37. Kb1 c5 38. Re6 Ka7 39. Rd6 Ne7 40. Rd3 Rf4 41. Nb6 Rd4 42. Qxf3
Nc6 43. Rxd4 cxd4 44. Nc4 Kb7 45. h4 Qe7 46. h5 gxh5 47. gxh5 Kc7 48. Qf5 Kb7 49.
h6 Kc7 50. Qd5 Qf6 51. Qc5 d3 52. cxd3 Qxh6 53. Qb6+ Kc8 54. Qxa6+ Kd8 55. Qb6+ Ke7
56. a6 Qh1+ 57. Kb2 h5 58. Qb7+  1-0

[Event "Sampa Chess Open - Local Piso Superior (ao lado da Renner) às 19h00"]
[Site "Shopping Metrô Tatuapé - Rua Domingos Agostim, 91, São Paulo/SP 03306-010"]
[Date "2024.02.02"]
[Round "6"]
[Board "2"]
[White "Flores Quillas, Diego Saul Rodri"]
[Black "Cunha, Lucas Aguiar"]
[Result "1-0"]
[WhiteElo "2429"]
[BlackElo "2230"]
[PlyCount "97"]
[EventDate "2024.01.29"]
[EventRounds "9"]
[EventCountry "BRA"]

1. e4 c5 2. Nf3 Nc6 3. d4 cxd4 4. Nxd4 e6 5. Nc3 Qc7 6. g3 a6 7. Bg2 Nf6 8. O-O Nxd4
9. Qxd4 Bc5 10. Bf4 d6 11. Qd2 h6 12. Rad1 e5 13. Be3 Be6 14. Bxc5 dxc5 15. Nd5 Bxd5
16. exd5 Qd6 17. f4 O-O 18. fxe5 Qxe5 19. d6 Qxb2 20. c4 Qxd2 21. Rxd2 Rab8 22. a4
Nd7 23. Rb1 b6 24. Re1 Rfd8 25. Re7 Nf8 26. Bd5 Ne6 27. Rf2 Ng5 28. Kg2 Rxd6 29.
h4 Nh7 30. Rfxf7 Kh8 31. Rxg7 Nf6 32. Bf3 Re8 33. Ra7 Rd2+ 34. Kh3 Rd3 35. Bc6 Re6
36. Bg2 Nh5 37. Rg4 Rd8 38. Bd5 Red6 39. Bf7 Nf6 40. Rg6 Ne4 41. Be6 Rxe6 42. Rxe6
Nd6 43. Rxh6+ Kg8 44. Rg6+ Kh8 45. Rg4 a5 46. Re7 Nf5 47. Re5 Nh6 48. Rg6 Kh7 49.
Rxb6  1-0

[Event "Sampa Chess Open - Local Piso Superior (ao lado da Renner) às 19h00"]
[Site "Shopping Metrô Tatuapé - Rua Domingos Agostim, 91, São Paulo/SP 03306-010"]
[Date "2024.02.02"]
[Round "6"]
[Board "3"]
[White "Perdomo, Leandro"]
[Black "Fernandes De Sousa, Julio Cesar"]
[Result "1-0"]
[WhiteElo "2382"]
[BlackElo "2162"]
[PlyCount "105"]
[EventDate "2024.01.29"]
[EventRounds "9"]
[EventCountry "BRA"]

1. d4 f5 2. Bg5 g6 3. e3 Bg7 4. Nc3 c5 5. Nf3 Qa5 6. Nd2 Qc7 7. Nb5 Qd8 8. Nd6+ Kf8
9. Bc4 b5 10. Bd5 Nc6 11. Nf7 Qc7 12. Nxh8 Bxh8 13. c3 e6 14. Bf4 d6 15. Bxc6 Qxc6
16. Qf3 d5 17. O-O Bg7 18. Qg3 Kf7 19. Nf3 h6 20. Ne5+ Bxe5 21. Bxe5 Ba6 22. dxc5
Qxc5 23. Bd4 Qe7 24. Qe5 Nf6 25. Qxf6+ Qxf6 26. Bxf6 Kxf6 27. Rfd1 Bb7 28. a4 Bc6
29. axb5 Bxb5 30. Rd4 a6 31. f3 Rb8 32. Kf2 Bc4 33. Rd2 Ke5 34. Ra4 Rc8 35. Rb4 Bb5
36. Rh4 Rh8 37. b3 g5 38. f4+ Kf6 39. fxg5+ Kxg5 40. Rhd4 Rc8 41. Rc2 Rb8 42. c4
Bc6 43. cxd5 Bxd5 44. b4 Kf6 45. g4 Rg8 46. Rc5 Bb7 47. gxf5 e5 48. Rd6+ Kxf5 49.
Rxh6 Rg2+ 50. Kf1 Rb2 51. Rh5+ Kg4 52. Rcxe5 Be4 53. Reg5+  1-0

[Event "Sampa Chess Open - Local Piso Superior (ao lado da Renner) às 19h00"]
[Site "Shopping Metrô Tatuapé - Rua Domingos Agostim, 91, São Paulo/SP 03306-010"]
[Date "2024.02.02"]
[Round "6"]
[Board "4"]
[White "Marra, Eduardo Da Costa"]
[Black "Ticona Rocabado, Licael Roderick"]
[Result "0-1"]
[WhiteElo "2189"]
[BlackElo "2350"]
[PlyCount "60"]
[EventDate "2024.01.29"]
[EventRounds "9"]
[EventCountry "BRA"]

1. e4 e6 2. d4 d5 3. e5 c5 4. c3 Qb6 5. Nf3 Nc6 6. a3 Nh6 7. Bd3 cxd4 8. O-O Bd7
9. b4 dxc3 10. Nxc3 Nd4 11. Be3 Nxf3+ 12. Qxf3 Qd8 13. Rfe1 a6 14. g3 Bc6 15. Bxh6
gxh6 16. Ne2 Bg7 17. Nd4 Ba4 18. h4 Qb6 19. Qg4 O-O 20. Re3 Kh8 21. Rae1 Rac8 22.
h5 Rc3 23. Nf5 exf5 24. Qxf5 Rxd3 25. Qxd3 Qe6 26. f4 Bd7 27. Rc1 Qh3 28. Qxd5 Bc6
29. Rxc6 bxc6 30. Qxc6 Rc8  0-1

[Event "Sampa Chess Open - Local Piso Superior (ao lado da Renner) às 19h00"]
[Site "Shopping Metrô Tatuapé - Rua Domingos Agostim, 91, São Paulo/SP 03306-010"]
[Date "2024.02.02"]
[Round "6"]
[Board "5"]
[White "Dos Santos Dutra, Fernando Junior Freire"]
[Black "De Menezes, Ricardo Fagner Dias"]
[Result "1-0"]
[WhiteElo "2262"]
[BlackElo "1675"]
[PlyCount "81"]
[EventDate "2024.01.29"]
[EventRounds "9"]
[EventCountry "BRA"]

1. d4 d5 2. c4 c6 3. Nf3 Nf6 4. Qc2 e6 5. Bg5 Be7 6. e3 Nbd7 7. Nc3 O-O 8. Be2 b6
9. O-O Bb7 10. Rad1 Re8 11. Ne5 Qc7 12. cxd5 exd5 13. Nd3 Bd6 14. Bf4 Bxf4 15. Nxf4
Qd6 16. Qf5 Nf8 17. Nd3 Bc8 18. Qf4 Qxf4 19. Nxf4 Ne6 20. Nd3 Nd7 21. Rc1 Bb7 22.
Rfd1 f6 23. h4 g6 24. Bf3 f5 25. a4 a5 26. g3 Kg7 27. Rb1 Ba6 28. Kg2 Bxd3 29. Rxd3
Nf6 30. b4 Ne4 31. b5 cxb5 32. Rxb5 Nc7 33. Rxb6 Reb8 34. Rc6 Ra7 35. Bxe4 fxe4 36.
Rd2 Rbb7 37. Rc2 Kf7 38. Rc1 Ke8 39. h5 gxh5 40. Rh1 Kd7 41. Rc5  1-0

[Event "Sampa Chess Open - Local Piso Superior (ao lado da Renner) às 19h00"]
[Site "Shopping Metrô Tatuapé - Rua Domingos Agostim, 91, São Paulo/SP 03306-010"]
[Date "2024.02.02"]
[Round "6"]
[Board "6"]
[White "Di Berardino, Diego Rafael"]
[Black "Dos Santos Junior, Haroldo Cunha"]
[Result "1-0"]
[WhiteElo "2480"]
[BlackElo "2033"]
[PlyCount "35"]
[EventDate "2024.01.29"]
[EventRounds "9"]
[EventCountry "BRA"]

1. d4 d5 2. c4 c6 3. Nf3 Nf6 4. Nc3 Bf5 5. cxd5 cxd5 6. Qb3 Bc8 7. Bf4 e6 8. e3 a6
9. Be2 Nc6 10. O-O Be7 11. Ne5 O-O 12. Nxc6 bxc6 13. Rfc1 a5 14. Na4 Ba6 15. Bxa6
Rxa6 16. Qb7 Ra8 17. Nb6 Bd6 18. Bxd6  1-0

[Event "Sampa Chess Open - Local Piso Superior (ao lado da Renner) às 19h00"]
[Site "Shopping Metrô Tatuapé - Rua Domingos Agostim, 91, São Paulo/SP 03306-010"]
[Date "2024.02.02"]
[Round "6"]
[Board "7"]
[White "Tsuboi, Edson Kenji"]
[Black "Santiago, Yago De Moura"]
[Result "0-1"]
[WhiteElo "2200"]
[BlackElo "2467"]
[PlyCount "82"]
[EventDate "2024.01.29"]
[EventRounds "9"]
[EventCountry "BRA"]

1. e4 c6 2. c4 d5 3. cxd5 cxd5 4. exd5 Nf6 5. Nc3 Nxd5 6. Nf3 Nc6 7. Bb5 Nxc3 8.
bxc3 Bd7 9. O-O e6 10. d4 Be7 11. c4 O-O 12. d5 exd5 13. cxd5 Nb4 14. Bc4 Rc8 15.
Qb3 a5 16. Bb2 b5 17. Be2 Rc2 18. Nd4 a4 19. Qxb4 Bxb4 20. Nxc2 Bc5 21. a3 Bf5 22.
Ne3 Be4 23. Rad1 Bxe3 24. fxe3 Qg5 25. Rf2 Qxe3 26. Bxb5 Qb3 27. Rd4 Qxb5 28. Rxe4
Qxd5 29. Rd4 Qc5 30. h3 h5 31. h4 f6 32. Kh2 Rb8 33. Rdd2 Qc7+ 34. g3 Rb3 35. Rg2
Qb8 36. Rc2 Kf7 37. Rce2 g5 38. hxg5 h4 39. gxf6 hxg3+ 40. Kh1 Qf4 41. Re7+ Kf8  0-1

[Event "Sampa Chess Open - Local Piso Superior (ao lado da Renner) às 19h00"]
[Site "Shopping Metrô Tatuapé - Rua Domingos Agostim, 91, São Paulo/SP 03306-010"]
[Date "2024.02.02"]
[Round "6"]
[Board "8"]
[White "Passos, Marco Aurelio Novaes"]
[Black "Santos, Marcus Vinicius Moreira"]
[Result "1-0"]
[WhiteElo "1671"]
[BlackElo "2331"]
[PlyCount "55"]
[EventDate "2024.01.29"]
[EventRounds "9"]
[EventCountry "BRA"]

1. e4 c5 2. Nf3 g6 3. d4 cxd4 4. Qxd4 Nf6 5. e5 Nc6 6. Qa4 Nd5 7. Qe4 Nc7 8. Bf4
Bg7 9. Nc3 Rb8 10. O-O-O b5 11. Nd5 Ne6 12. Bg3 Qa5 13. Kb1 O-O 14. h4 h5 15. Nd2
Bb7 16. Nb3 Qa4 17. Qe3 b4 18. Bc4 Ba6 19. Bxa6 Qxa6 20. f4 Qb5 21. f5 gxf5 22. Rhf1
a5 23. Rxf5 a4 24. Nc1 Qc5 25. Qe4 Rfc8 26. Nf6+ exf6 27. exf6 Qf8 28. Rxh5  1-0

[Event "Sampa Chess Open - Local Piso Superior (ao lado da Renner) às 19h00"]
[Site "Shopping Metrô Tatuapé - Rua Domingos Agostim, 91, São Paulo/SP 03306-010"]
[Date "2024.02.02"]
[Round "6"]
[Board "9"]
[White "Vargas, Gabriela"]
[Black "Gemy, Jose Daniel"]
[Result "1/2-1/2"]
[WhiteElo "2084"]
[BlackElo "2329"]
[PlyCount "46"]
[EventDate "2024.01.29"]
[EventRounds "9"]
[EventCountry "BRA"]

1. d4 Nf6 2. Nf3 e6 3. e3 b6 4. Bd3 Bb7 5. c4 g5 6. h3 Rg8 7. Nc3 Bb4 8. Bd2 h5 9.
Ne4 Nxe4 10. Bxb4 c5 11. Bxe4 Bxe4 12. Bc3 d6 13. dxc5 bxc5 14. Nd2 Bg6 15. Qf3 Nd7
16. Ne4 Bxe4 17. Qxe4 Ke7 18. O-O-O a5 19. Qc6 Qb8 20. Rd3 Rc8 21. Qf3 h4 22. Rhd1
Ra6 23. Qh5 Rg8  1/2-1/2

[Event "Sampa Chess Open - Local Piso Superior (ao lado da Renner) às 19h00"]
[Site "Shopping Metrô Tatuapé - Rua Domingos Agostim, 91, São Paulo/SP 03306-010"]
[Date "2024.02.02"]
[Round "6"]
[Board "10"]
[White "Filgueiras, Nathan Felipe"]
[Black "Da Silva, Lucas Pereira Mendes"]
[Result "1-0"]
[WhiteElo "2321"]
[BlackElo "1974"]
[PlyCount "71"]
[EventDate "2024.01.29"]
[EventRounds "9"]
[EventCountry "BRA"]

1. c4 Nf6 2. Nc3 g6 3. e4 d6 4. d4 Bg7 5. h3 O-O 6. Be3 e5 7. d5 a5 8. g4 Na6 9.
Nge2 Qe8 10. Ng3 Kh8 11. f3 Ng8 12. Qd2 f5 13. exf5 gxf5 14. Nh5 Bf6 15. O-O-O Bh4
16. Bd3 Nc5 17. Bc2 b6 18. Rdg1 f4 19. Bf2 Bd8 20. h4 a4 21. Bxc5 bxc5 22. Qd3 Bf5
23. gxf5 Qxh5 24. f6 Bxf6 25. Ne4 Ne7 26. Ng5 e4 27. Qxe4 Nf5 28. Qxf5 Bxb2+ 29.
Kxb2 Rxf5 30. Bxf5 Qe8 31. Be6 Qb8+ 32. Kc2 Kg7 33. Ne4+ Kh6 34. Rg8 Qa7 35. Rg5
Qa6 36. Kd3  1-0

[Event "Sampa Chess Open - Local Piso Superior (ao lado da Renner) às 19h00"]
[Site "Shopping Metrô Tatuapé - Rua Domingos Agostim, 91, São Paulo/SP 03306-010"]
[Date "2024.02.02"]
[Round "6"]
[Board "11"]
[White "Ribeiro, Matheus Mendes Domingues"]
[Black "Oliveira, Silvio Eduardo"]
[Result "0-1"]
[WhiteElo "2130"]
[BlackElo "2297"]
[PlyCount "43"]
[EventDate "2024.01.29"]
[EventRounds "9"]
[EventCountry "BRA"]

1. c4 Nf6 2. Nc3 e5 3. Nf3 Nc6 4. e3 Bb4 5. Qc2 Bxc3 6. Qxc3 Qe7 7. Be2 O-O 8. O-O
e4 9. Nd4 Nxd4 10. Qxd4 c5 11. Qc3 d5 12. d4 cxd4 13. exd4 dxc4 14. Bxc4 Be6 15.
b3 Rfc8 16. Bg5 b5 17. d5 Nxd5 18. Bxe7 Nxc3 19. Bxe6 Ne2+ 20. Kh1 fxe6 21. Rfe1
Rc2 22. a3  0-1

[Event "Sampa Chess Open - Local Piso Superior (ao lado da Renner) às 19h00"]
[Site "Shopping Metrô Tatuapé - Rua Domingos Agostim, 91, São Paulo/SP 03306-010"]
[Date "2024.02.02"]
[Round "6"]
[Board "12"]
[White "Cordero, Daniela"]
[Black "Melian, Juan Sebastian"]
[Result "0-1"]
[WhiteElo "2028"]
[BlackElo "2238"]
[PlyCount "82"]
[EventDate "2024.01.29"]
[EventRounds "9"]
[EventCountry "BRA"]

1. d4 Nf6 2. Nf3 e6 3. e3 b6 4. Bd3 Bb7 5. c4 Bb4+ 6. Bd2 a5 7. O-O O-O 8. b3 Bxd2
9. Nbxd2 d6 10. Qc2 Nbd7 11. Ng5 h6 12. Nh3 e5 13. f4 exd4 14. exd4 Ng4 15. Qc3 Re8
16. f5 Qf6 17. Rf4 h5 18. Be4 c6 19. Bf3 Qh6 20. Ne4 d5 21. Ng3 Ngf6 22. Rf1 c5 23.
Rh4 Re3 24. Qc1 Rae8 25. cxd5 Bxd5 26. Bxd5 Nxd5 27. Rxh5 Qf6 28. dxc5 Qd4 29. Kh1
Nxc5 30. f6 Nd3 31. Qc6 Nxf6 32. Rhf5 Nb4 33. Qb5 Nxa2 34. Rxf6 gxf6 35. Rf4 Re1+
36. Nf1 R8e5 37. Qa6 Qd8 38. Rg4+ Kf8 39. Rh4 Nb4 40. Qc4 Qd3 41. Qc8+ Re8  0-1

[Event "Sampa Chess Open - Local Piso Superior (ao lado da Renner) às 19h00"]
[Site "Shopping Metrô Tatuapé - Rua Domingos Agostim, 91, São Paulo/SP 03306-010"]
[Date "2024.02.02"]
[Round "6"]
[Board "13"]
[White "Matsuura, Everaldo"]
[Black "Jenidarchiche, Douglas Rodrigo"]
[Result "1-0"]
[WhiteElo "2410"]
[BlackElo "1845"]
[PlyCount "85"]
[EventDate "2024.01.29"]
[EventRounds "9"]
[EventCountry "BRA"]

1. e4 e5 2. f4 d5 3. exd5 e4 4. d3 Qxd5 5. Nc3 Bb4 6. Bd2 Bxc3 7. Bxc3 Nf6 8. Qe2
Bf5 9. Bxf6 gxf6 10. g4 Be6 11. dxe4 Qa5+ 12. c3 Nc6 13. f5 Bd7 14. Qb5 Qb6 15. Qxb6
axb6 16. Nf3 h5 17. Rg1 Ra4 18. Bd3 hxg4 19. Bc2 gxf3 20. Bxa4 Rxh2 21. O-O-O Ne5
22. Bxd7+ Nxd7 23. Rd2 Rxd2 24. Kxd2 Ne5 25. b3 Ke7 26. Ke3 Kd7 27. a4 c6 28. Rg8
Kc7 29. Ra8 Kd7 30. Kf2 Kc7 31. Rg8 Kd7 32. Rg1 Kc7 33. Rd1 Kc8 34. Kg3 Kc7 35. b4
b5 36. a5 c5 37. Rd5 cxb4 38. cxb4 b6 39. Rxb5 bxa5 40. bxa5 Nc6 41. a6 Kd8 42. Rb6
Kc7 43. Rb7+  1-0

[Event "Sampa Chess Open - Local Piso Superior (ao lado da Renner) às 19h00"]
[Site "Shopping Metrô Tatuapé - Rua Domingos Agostim, 91, São Paulo/SP 03306-010"]
[Date "2024.02.02"]
[Round "6"]
[Board "15"]
[White "Cardoso, Maria Paula Da Silva"]
[Black "Terao, Juliana Sayumi"]
[Result "1/2-1/2"]
[WhiteElo "1780"]
[BlackElo "2198"]
[PlyCount "100"]
[EventDate "2024.01.29"]
[EventRounds "9"]
[EventCountry "BRA"]

1. e4 e5 2. Nf3 Nc6 3. Bc4 Nf6 4. d3 Bc5 5. c3 a6 6. Bb3 Ba7 7. Nbd2 O-O 8. Nf1 d5
9. Qe2 h6 10. Ng3 Re8 11. h3 Na5 12. Bc2 c5 13. O-O b5 14. Bd2 Rb8 15. a3 c4 16.
Rad1 Bb7 17. Bc1 Qc7 18. Nh4 cxd3 19. Bxd3 dxe4 20. Nxe4 Nxe4 21. Bxe4 Bxe4 22. Qxe4
Qc4 23. Qxc4 Nxc4 24. Rd7 Bb6 25. Nf5 e4 26. Nd6 Red8 27. Rxd8+ Rxd8 28. Nxe4 f5
29. Ng3 Rd5 30. Re1 Kf7 31. Ne2 g5 32. h4 Kf6 33. hxg5+ hxg5 34. Kf1 f4 35. Ng1 Ne5
36. Nh3 Nd3 37. Rd1 g4 38. Ng1 Bxf2 39. Rxd3 Rxd3 40. Kxf2 Ke5 41. Ne2 f3 42. gxf3
Rxf3+ 43. Kg2 Ke4 44. Bh6 Kd3 45. Nd4 Rf7 46. Bg5 Kc4 47. Bd8 Rf8 48. Be7 Re8 49.
Bb4 Re3 50. b3+ Kd3  1/2-1/2

[Event "Sampa Chess Open - Local Piso Superior (ao lado da Renner) às 19h00"]
[Site "Shopping Metrô Tatuapé - Rua Domingos Agostim, 91, São Paulo/SP 03306-010"]
[Date "2024.02.02"]
[Round "6"]
[Board "16"]
[White "Bastos, Danillo Alves"]
[Black "Batista, Renato Luiz"]
[Result "0-1"]
[WhiteElo "1667"]
[BlackElo "2174"]
[PlyCount "64"]
[EventDate "2024.01.29"]
[EventRounds "9"]
[EventCountry "BRA"]

1. d4 Nf6 2. c4 g6 3. Nc3 Bg7 4. e4 d6 5. f3 O-O 6. Be3 Na6 7. Nge2 c5 8. Qd2 Be6
9. Ng3 cxd4 10. Bxd4 Qa5 11. Be2 Rfc8 12. b3 Nb4 13. O-O Nc6 14. Be3 Ng4 15. Nd5
Nxe3 16. Qxa5 Nxa5 17. Nxe3 Bxa1 18. Rxa1 a6 19. f4 f6 20. f5 Bf7 21. Nd5 Bxd5 22.
exd5 Rab8 23. Bd3 g5 24. Ne4 b5 25. c5 dxc5 26. d6 c4 27. bxc4 bxc4 28. Bc2 exd6
29. Nxf6+ Kg7 30. Ne4 d5 31. f6+ Kf7 32. Rf1 dxe4  0-1

[Event "Sampa Chess Open - Local Piso Superior (ao lado da Renner) às 19h00"]
[Site "Shopping Metrô Tatuapé - Rua Domingos Agostim, 91, São Paulo/SP 03306-010"]
[Date "2024.02.02"]
[Round "6"]
[Board "17"]
[White "Da Rocha, Lucas Sampaio"]
[Black "Awoki, Daniel Teidi"]
[Result "0-1"]
[WhiteElo "1647"]
[BlackElo "2152"]
[PlyCount "54"]
[EventDate "2024.01.29"]
[EventRounds "9"]
[EventCountry "BRA"]

1. e4 c5 2. Nf3 Nc6 3. c3 d5 4. exd5 Qxd5 5. d4 Bg4 6. Be2 cxd4 7. cxd4 e6 8. O-O
Nf6 9. Nc3 Qd6 10. Be3 Be7 11. h3 Bh5 12. Qb3 O-O 13. Rfd1 Nb4 14. Rac1 Nbd5 15.
Bg5 Rfd8 16. g4 Bg6 17. Ne5 a6 18. h4 h6 19. Bxf6 Bxf6 20. Nxg6 Nxc3 21. Rxc3 fxg6
22. Qxb7 Bxd4 23. Bf3 Qg3+ 24. Kh1 Qxh4+ 25. Kg2 Qxf2+ 26. Kh3 Be5 27. Bg2 g5  0-1

[Event "Sampa Chess Open - Local Piso Superior (ao lado da Renner) às 19h00"]
[Site "Shopping Metrô Tatuapé - Rua Domingos Agostim, 91, São Paulo/SP 03306-010"]
[Date "2024.02.02"]
[Round "6"]
[Board "18"]
[White "Saito, Vinicius"]
[Black "Aragao Neto, Joao Batista"]
[Result "1-0"]
[WhiteElo "2147"]
[BlackElo "1585"]
[PlyCount "61"]
[EventDate "2024.01.29"]
[EventRounds "9"]
[EventCountry "BRA"]

1. e4 d6 2. d4 Nf6 3. Nc3 g6 4. f4 Bg7 5. Nf3 O-O 6. a3 Bg4 7. h3 Bxf3 8. Qxf3 c6
9. Be3 Nbd7 10. e5 Ne8 11. Bc4 d5 12. Bd3 e6 13. h4 f5 14. h5 Rf7 15. g4 Nf8 16.
gxf5 exf5 17. hxg6 hxg6 18. Ne2 Bh8 19. c4 Nc7 20. Nc3 Qd7 21. cxd5 cxd5 22. Kd2
Rd8 23. Rag1 a6 24. Qh3 Rh7 25. Qg2 Rxh1 26. Rxh1 Bg7 27. Bb1 Kf7 28. Ba2 Ke6 29.
Rc1 Bh6 30. Qh1 Bg7 31. Nxd5  1-0

[Event "Sampa Chess Open - Local Piso Superior (ao lado da Renner) às 19h00"]
[Site "Shopping Metrô Tatuapé - Rua Domingos Agostim, 91, São Paulo/SP 03306-010"]
[Date "2024.02.02"]
[Round "6"]
[Board "19"]
[White "Mattos, Bernardo Cunha"]
[Black "Silva, Kaua Marques"]
[Result "0-1"]
[WhiteElo "1567"]
[BlackElo "2142"]
[PlyCount "62"]
[EventDate "2024.01.29"]
[EventRounds "9"]
[EventCountry "BRA"]

1. c4 Nf6 2. Nc3 c5 3. Nf3 Nc6 4. d4 cxd4 5. Nxd4 e6 6. Bf4 Bc5 7. Nxc6 bxc6 8. Bd6
Qb6 9. Bxc5 Qxc5 10. e3 Rb8 11. Qd2 O-O 12. Be2 d5 13. cxd5 exd5 14. O-O Re8 15.
Rac1 Qd6 16. Rfd1 h5 17. h3 Bd7 18. Bf3 Qe5 19. b3 g5 20. Qd4 g4 21. Qxe5 Rxe5 22.
hxg4 hxg4 23. Be2 Kg7 24. g3 Rh8 25. Bf1 Reh5 26. Bg2 Bf5 27. Kf1 Rh2 28. Ne2 Be4
29. Nf4 Bf3 30. Bxf3 gxf3 31. Ke1 Ne4  0-1

[Event "Sampa Chess Open - Local Piso Superior (ao lado da Renner) às 19h00"]
[Site "Shopping Metrô Tatuapé - Rua Domingos Agostim, 91, São Paulo/SP 03306-010"]
[Date "2024.02.02"]
[Round "6"]
[Board "20"]
[White "Munhoz, Joao Pedro"]
[Black "Do Nascimento, Christian Almeida"]
[Result "0-1"]
[WhiteElo "1608"]
[BlackElo "2123"]
[PlyCount "100"]
[EventDate "2024.01.29"]
[EventRounds "9"]
[EventCountry "BRA"]

1. c4 e5 2. Nc3 Nc6 3. g3 f5 4. Bg2 Nf6 5. e3 Bb4 6. Nge2 O-O 7. O-O d6 8. b3 Bxc3
9. Nxc3 a6 10. Bb2 Qe8 11. h3 Qg6 12. Ne2 Nh5 13. Nc3 Nf6 14. Nd5 Nxd5 15. Bxd5+
Be6 16. Bxe6+ Qxe6 17. f4 Rae8 18. Qe2 Rf7 19. Kh2 d5 20. cxd5 Qxd5 21. fxe5 Nxe5
22. Bxe5 Qxe5 23. Rac1 f4 24. Qf3 fxg3+ 25. Qxg3 Rd7 26. Rf2 c6 27. Rcf1 Qxg3+ 28.
Kxg3 g6 29. Kf3 Re5 30. d4 Rh5 31. Kg3 c5 32. Rf4 cxd4 33. exd4 Ra5 34. R1f2 Kg7
35. a4 b5 36. axb5 Rxb5 37. R2f3 Rdb7 38. Rf6 a5 39. Ra6 Rd5 40. Rd3 Rb4 41. Kf2
Rbxd4 42. Rxd4 Rxd4 43. Rxa5 Rd3 44. Ra7+ Kh6 45. b4 Rxh3 46. Ke2 g5 47. Kd2 g4 48.
Kc2 Rh1 49. Ra3 Rh2+ 50. Kb1 Rh3  0-1

[Event "Sampa Chess Open - Local Piso Superior (ao lado da Renner) às 19h00"]
[Site "Shopping Metrô Tatuapé - Rua Domingos Agostim, 91, São Paulo/SP 03306-010"]
[Date "2024.02.02"]
[Round "6"]
[Board "21"]
[White "Resende, Ana Gabriela Lobato"]
[Black "Cueto, Jonny"]
[Result "0-1"]
[WhiteElo "1800"]
[BlackElo "2108"]
[PlyCount "64"]
[EventDate "2024.01.29"]
[EventRounds "9"]
[EventCountry "BRA"]

1. d4 d6 2. Nf3 Bg4 3. h3 Bh5 4. Nc3 Nd7 5. Bf4 e5 6. dxe5 Bxf3 7. exf3 dxe5 8. Be3
Ngf6 9. Bd3 Bb4 10. Bd2 O-O 11. Ne4 Bxd2+ 12. Qxd2 Qe7 13. O-O Rad8 14. Qe3 b6 15.
Rad1 Nd5 16. Qc1 Nf4 17. Ng3 Nc5 18. Be4 h5 19. Qe3 Qg5 20. h4 Qxh4 21. Rfe1 Qg5
22. Bf5 h4 23. Bh3 hxg3 24. Kf1 gxf2 25. Qxf2 Nxh3 26. gxh3 Ne6 27. h4 Qf5 28. Rc1
Nf4 29. Re4 Rd6 30. Ke1 Rfd8 31. Qf1 Rd2 32. b4 Ng2+  0-1

[Event "Sampa Chess Open - Local Piso Superior (ao lado da Renner) às 19h00"]
[Site "Shopping Metrô Tatuapé - Rua Domingos Agostim, 91, São Paulo/SP 03306-010"]
[Date "2024.02.02"]
[Round "6"]
[Board "22"]
[White "Kropff, Ricardo"]
[Black "De Brito E Silva, William"]
[Result "1-0"]
[WhiteElo "2052"]
[BlackElo "1549"]
[PlyCount "47"]
[EventDate "2024.01.29"]
[EventRounds "9"]
[EventCountry "BRA"]

1. e4 e5 2. Nf3 Nc6 3. d4 exd4 4. Nxd4 Bc5 5. Nb3 Bb6 6. Nc3 Nf6 7. Bg5 Qe7 8. Bd3
Nb4 9. O-O Qe5 10. Qd2 O-O 11. Kh1 Ng4 12. f4 Nxd3 13. Qxd3 Qe6 14. Qg3 Ne3 15. f5
Nxf1 16. Rxf1 Qc4 17. Rf4 g6 18. Bf6 Qc6 19. Qh4 h5 20. Qg5 Be3 21. fxg6 Bxf4 22.
gxf7+ Kxf7 23. Qg7+ Ke6 24. Qe7#  1-0